|
|
|
|
| LEADER |
00000naa2a2200000 4500 |
| 001 |
670286 |
| 005 |
20240129144053.0 |
| 090 |
|
|
|a 670286
|
| 100 |
|
|
|a 20240124d2023 k||y0rusy50 ca
|
| 101 |
0 |
|
|a rus
|
| 102 |
|
|
|a RU
|
| 135 |
|
|
|a drbn ---uucaa
|
| 200 |
1 |
|
|a Разработка имитационной модели технологической линии изготовления тепловыделяющих сборок
|f М. С. Груббе, Е. К. Степанченко
|g науч. рук. О. В. Егорова; Национальный исследовательский Томский политехнический университет
|
| 225 |
|
|
|a Цифровизация в атомной отрасли
|
| 283 |
|
|
|2 RDAcarrier
|
| 336 |
|
|
|a Текстовый файл
|
| 463 |
|
1 |
|0 670196
|9 670196
|c Томск
|d 2023
|n Изд-во ТПУ
|o сборник тезисов докладов VIII Международной научной конференции молодых ученых, аспирантов и студентов, г. Томск, 7-9 ноября 2023 г.
|v С. 134-135
|p 1 файл (3,21 Мб, 188 с.)
|t Изотопы: технологии, материалы и применение
|f Национальный исследовательский Томский политехнический университет
|
| 610 |
1 |
|
|a труды учёных ТПУ
|
| 610 |
1 |
|
|a электронный ресурс
|
| 610 |
1 |
|
|a цифровые двойники
|
| 610 |
1 |
|
|a имитационные модели
|
| 700 |
|
1 |
|a Груббе
|b М. С.
|
| 701 |
|
1 |
|a Степанченко
|b Е. К.
|c специалист в области автоматического управления
|c инженер-проектировщик Томского политехнического университета
|f 1997-
|g Елена Константиновна
|9 23003
|
| 702 |
|
1 |
|a Егорова
|b О. В.
|c специалист в области автоматики и электроники
|c старший преподаватель Томского политехнического университета
|f 1981-
|g Ольга Викторовна
|4 727
|
| 712 |
0 |
2 |
|a Национальный исследовательский Томский политехнический университет
|c (2009- )
|9 26305
|
| 801 |
|
0 |
|a RU
|b 63413507
|c 20240124
|
| 850 |
|
|
|a 63413507
|
| 856 |
|
|
|u http://earchive.tpu.ru/handle/11683/77307
|z http://earchive.tpu.ru/handle/11683/77307
|
| 942 |
|
|
|c CF
|